01150naa#a2200217#i#4500001001500000005001700015100004100032102000700073200019600080210016900276215001000445608006000455675008100515700006600596700005200662700005600714700006200770700005600832700002600888856001800914RU\\bibl\1925020260418144410.6##a20260417b2026####ek#y0rusy0150####ca##aRU1#aДИАГНОСТИРОВАНИЕ ГАЗОБАЛЛОННЫХ ТРАНСПОРТНЫХ СРЕДСТВ НА ОСНОВЕ ГРАФ-МОДЕЛЕЙeСтатья/тезисы конференции1#aВоронежcВоронежский государственный лесотехнический университет имени Г.Ф. Морозоваd2026##a8 с.##aСтатья/тезисы конференции2local##aАвтомобили. Автомобильный транспорт. 629.331#1aИванниковgВалерий Александрович#1aНовиковgАлексей Петрович#1aХрипченкоgМихаил Сергеевич#1aБухтояровgВладимир Николаевич#1aГолевgАлександр Дмитриевич#1aШиряевgС. А.4#abibl.vgltu.ru